[Event "Bad Woerishofen Seniors op 39th"]
[Site "Bad Woerishofen"]
[Date "2024.03.12"]
[Round "5"]
[White "Gass, Ulrich"]
[Black "Tscharotschkin, Michael"]
[Result "0-1"]
[WhiteElo "1941"]
[BlackElo "2062"]
[PlyCount "120"]
[EventDate "2024.03.08"]
[EventType "swiss"]
[EventRounds "9"]
[EventCountry "GER"]
[SourceTitle "CB13_2024"]
[SourceDate "2024.03.27"]
[SourceVersion "1"]
[SourceVersionDate "2024.03.27"]
[SourceQuality "1"]

1. e4 e6 2. Nf3 d5 3. e5 a6 4. d4 c5 5. c3 Nc6 6. Be3 Qb6 7. Qd2 Bd7 8. dxc5 Bxc5 9. Bxc5 Qxc5 10. Qg5 g6 11. Nbd2 h6 12. Qh4 Nge7 13. Bd3 0-0-0 14. 0-0 Nf5 15. Bxf5 exf5 16. Nb3 Qe7 17. Qxe7 Nxe7 18. Nfd4 f4 19. e6 fxe6 20. Rfe1 Nc6 21. Nxe6 Bxe6 22. Rxe6 d4 23. Rae1 g5 24. c4 d3 25. Kf1 Nd4 26. Nxd4 Rxd4 27. b3 g4 28. R1e4 Rhd8 29. Rxd4 Rxd4 30. Ke1 Kd7 31. Rxh6 Re4+ 32. Kd2 Re2+ 33. Kxd3 Rxf2 34. Ke4 Rxa2 35. Kxf4 Rxg2 36. h4 gxh3 37. Rxh3 Kc6 38. Ke4 Kc5 39. Kd3 Kb4 40. Rh7 b5 41. cxb5 axb5 42. Rh5 Rb2 43. Rg5 Rxb3+ 44. Kc2 Ka3 45. Rg8 Rh3 46. Ra8+ Kb4 47. Rb8 Rh2+ 48. Kd3 Rb2 49. Rb7 Ka3 50. Ra7+ Kb3 51. Rh7 b4 52. Rb7 Rb1 53. Kd2 Ka2 54. Ra7+ Kb2 55. Rb7 b3 56. Rb6 Rh1 57. Rb7 Rh5 58. Rg7 Rd5+ 59. Ke3 Ka2 60. Rc7 Kb1 0-1

[Event "Rottach Egern Seniors Cup 11th"]
[Site "Rottach Egern"]
[Date "2023.04.16"]
[Round "2"]
[White "Gass, Ulrich"]
[Black "Loibl, Johann"]
[Result "1-0"]
[WhiteElo "1999"]
[BlackElo "1642"]
[PlyCount "88"]
[EventDate "2023.04.15"]
[EventType "swiss"]
[EventRounds "9"]
[EventCountry "GER"]
[SourceTitle "EXT 2024"]
[Source "ChessBase"]
[SourceDate "2023.10.10"]
[SourceVersion "1"]
[SourceVersionDate "2023.10.10"]
[SourceQuality "1"]

1. Nf3 Nc6 2. d4 d5 3. Bf4 Bf5 4. e3 e6 5. Bb5 a6 6. Bxc6+ bxc6 7. Ne5 f6 8. Nd3 Bd6 9. Nc3 Bxd3 10. Qxd3 e5 11. dxe5 fxe5 12. Bg3 Nf6 13. e4 0-0 14. 0-0 d4 15. Ne2 Qd7 16. Nxd4 exd4 17. e5 Bc5 18. exf6 Rxf6 19. Rad1 Bb6 20. Rfe1 Qf7 21. Bh4 Re6 22. b3 a5 23. Rxe6 Qxe6 24. a4 Re8 25. f3 Qe3+ 26. Kf1 Qxd3+ 27. Rxd3 Kf7 28. Bf2 c5 29. Rd1 Kf6 30. Rd2 h5 31. f4 Kf5 32. g3 Re4 33. Kg2 g6 34. Kf3 c6 35. h3 Re6 36. g4+ Kf6 37. Bh4+ Kg7 38. Re2 Re3+ 39. Rxe3 dxe3 40. Kxe3 Bc7 41. Kf3 Kf7 42. Ke4 hxg4 43. hxg4 Ke6 44. Bg5 Bd6 1-0

[Event "Rottach Egern Seniors Cup 11th"]
[Site "Rottach Egern"]
[Date "2023.04.15"]
[Round "1"]
[White "Schneider, Peter5555"]
[Black "Gass, Ulrich"]
[Result "0-1"]
[WhiteElo "1690"]
[BlackElo "1999"]
[PlyCount "44"]
[EventDate "2023.04.15"]
[EventType "swiss"]
[EventRounds "9"]
[EventCountry "GER"]
[SourceTitle "EXT 2024"]
[Source "ChessBase"]
[SourceDate "2023.10.10"]
[SourceVersion "1"]
[SourceVersionDate "2023.10.10"]
[SourceQuality "1"]

1. e4 g6 2. d4 Bg7 3. f4 a6 4. Nf3 d5 5. e5 Nh6 6. c4 c6 7. a4 Bg4 8. c5 b6 9. b4 a5 10. Bd2 Nf5 11. Bc3 axb4 12. Bxb4 Bxf3 13. Qxf3 Nxd4 14. Qd3 bxc5 15. Bd2 0-0 16. g3 f6 17. exf6 Bxf6 18. Ra3 c4 19. Qc3 Nd7 20. Kf2 Nc5 21. Bg2 Ne4+ 22. Kf1 Qb6 0-1

[Event "Basel Christmas op"]
[Site "Basel"]
[Date "2022.12.26"]
[Round "1"]
[White "Gass, Ulrich"]
[Black "Vitenberg, Noam Aviv"]
[Result "0-1"]
[WhiteElo "2045"]
[BlackElo "2315"]
[PlyCount "22"]
[EventDate "2022.12.26"]
[EventType "swiss"]
[EventRounds "9"]
[EventCountry "SUI"]
[SourceTitle "EXT 2024"]
[Source "ChessBase"]
[SourceDate "2023.10.10"]
[SourceVersion "1"]
[SourceVersionDate "2023.10.10"]
[SourceQuality "1"]

1. e4 e5 2. Nf3 Nc6 3. Bc4 Bc5 4. c3 Nf6 5. d4 exd4 6. b4 Be7 7. e5 d5 8. exf6 Bxf6 9. Bb5 Qe7+ 10. Kd2 dxc3+ 11. Nxc3 Bxc3+ 0-1

[Event "Bamberg op 2nd"]
[Site "Bamberg"]
[Date "2019.05.29"]
[Round "1"]
[White "Gegenfurtner, Juergen"]
[Black "Gass, Ulrich"]
[Result "1-0"]
[WhiteElo "2323"]
[BlackElo "2029"]
[PlyCount "113"]
[EventDate "2019.05.29"]
[EventType "swiss"]
[EventRounds "7"]
[EventCountry "GER"]
[SourceTitle "CBM 190 Extra"]
[Source "ChessBase"]
[SourceDate "2019.07.15"]
[SourceVersion "1"]
[SourceVersionDate "2019.07.15"]
[SourceQuality "1"]

1. e4 g6 2. d4 Bg7 3. Nc3 a6 4. Nf3 d6 5. Be3 Nf6 6. h3 b5 7. Bd3 Bb7 8. a3 0-0 9. 0-0 Nbd7 10. Re1 e6 11. Qd2 c5 12. Bh6 cxd4 13. Nxd4 Qb6 14. Bxg7 Kxg7 15. Qe3 Rac8 16. a4 e5 17. Nb3 Qxe3 18. Rxe3 b4 19. Na2 Nc5 20. Nxb4 Nxb3 21. cxb3 a5 22. Na2 d5 23. exd5 Bxd5 24. Nc3 Rfd8 25. Bc2 Be6 26. Rc1 Nd7 27. Rd1 Kf8 28. Rd6 Ke7 29. Ra6 Ra8 30. Rxa8 Rxa8 31. Nb5 Rc8 32. Rc3 Nc5 33. Kf1 f5 34. h4 Bd7 35. Na3 Ke6 36. Nc4 Nb7 37. Ke1 Rc5 38. h5 Bc6 39. g4 e4 40. Bd1 f4 41. Kd2 Be8 42. hxg6 Bxg6 43. Nb6 Kd6 44. Be2 Rg5 45. Nc8+ Ke6 46. Rc6+ Kd7 47. Bb5 Kd8 48. Nb6 Nc5 49. Kc3 e3 50. fxe3 fxe3 51. Bc4 Ne4+ 52. Kd4 Nf2 53. Kxe3 Nxg4+ 54. Kf4 h6 55. Nd5 Ne5 56. Rd6+ Ke8 57. Re6+ 1-0

[Event "WchT Seniors 65"]
[Site "Dresden"]
[Date "2018.07.15"]
[Round "9.5"]
[White "Gass, Ulrich"]
[Black "Bartsch, Berthold"]
[Result "1-0"]
[WhiteElo "2072"]
[BlackElo "2248"]
[PlyCount "61"]
[EventDate "2018.07.07"]
[EventType "team-swiss"]
[EventRounds "9"]
[EventCountry "GER"]
[SourceTitle "CBM 185 Extra"]
[Source "ChessBase"]
[SourceDate "2018.07.29"]
[SourceVersion "1"]
[SourceVersionDate "2018.07.29"]
[SourceQuality "1"]
[WhiteTeam "Eppingen"]
[BlackTeam "Germany III"]
[WhiteTeamCountry "GER"]
[BlackTeamCountry "GER"]

1. e4 c6 2. d4 d5 3. Nc3 dxe4 4. Nxe4 Nd7 5. Bc4 Ngf6 6. Ng5 e6 7. Qd3 Nb6 8. Bb3 h6 9. N5f3 Qc7 10. Ne2 c5 11. dxc5 Bxc5 12. Bf4 Qe7 13. 0-0 0-0 14. Rad1 Bd7 15. Ne5 Rfd8 16. Qh3 Ba4 17. Nd3 Bxb3 18. axb3 Nbd5 19. Bd2 Bb6 20. c4 Nc7 21. Bb4 Rxd3 22. Bxe7 Rxh3 23. gxh3 Nce8 24. b4 Rc8 25. c5 Bc7 26. Nc3 Be5 27. Rd8 Rxd8 28. Bxd8 a6 29. Rd1 Bxc3 30. bxc3 Nd5 31. Ba5 1-0

[Event "WchT Seniors 65"]
[Site "Dresden"]
[Date "2018.07.11"]
[Round "5.3"]
[White "Giffard, Nicolas"]
[Black "Gass, Ulrich"]
[Result "1-0"]
[WhiteElo "2260"]
[BlackElo "2072"]
[PlyCount "89"]
[EventDate "2018.07.07"]
[EventType "team-swiss"]
[EventRounds "9"]
[EventCountry "GER"]
[SourceTitle "CBM 185 Extra"]
[Source "ChessBase"]
[SourceDate "2018.07.29"]
[SourceVersion "1"]
[SourceVersionDate "2018.07.29"]
[SourceQuality "1"]
[WhiteTeam "France"]
[BlackTeam "Eppingen"]
[WhiteTeamCountry "FRA"]
[BlackTeamCountry "GER"]

1. d4 Nf6 2. c4 g6 3. Nc3 Bg7 4. Bg5 c5 5. e3 Qa5 6. Qd2 cxd4 7. exd4 Nc6 8. Nf3 0-0 9. Be2 d6 10. d5 Nb8 11. 0-0 Bg4 12. h3 Bxf3 13. Bxf3 Nbd7 14. Rac1 Rac8 15. Be2 Rfe8 16. Rfe1 a6 17. Bf1 Ne5 18. b3 Qa3 19. Nb1 Qc5 20. Be3 Qc7 21. Bd4 Nh5 22. Be2 Nf6 23. f4 Ned7 24. Bf3 Nf8 25. Qb2 Red8 26. Nd2 Ne8 27. Bg4 Bxd4+ 28. Qxd4 f5 29. Bf3 Ng7 30. Re3 Re8 31. Rce1 Kf7 32. Kh1 a5 33. Qb2 Qd8 34. Nb1 Nd7 35. Nc3 Nf6 36. Nb5 a4 37. Qd4 Qa5 38. Rxe7+ Rxe7 39. Nxd6+ Kg8 40. Rxe7 Rf8 41. Nxb7 Qb4 42. Nc5 axb3 43. axb3 Nfh5 44. d6 Rc8 45. d7 1-0

[Event "WchT Seniors 65"]
[Site "Dresden"]
[Date "2018.07.09"]
[Round "3.3"]
[White "Bevan, Peter M"]
[Black "Gass, Ulrich"]
[Result "1/2-1/2"]
[WhiteElo "1883"]
[BlackElo "2072"]
[PlyCount "109"]
[EventDate "2018.07.07"]
[EventType "team-swiss"]
[EventRounds "9"]
[EventCountry "GER"]
[SourceTitle "EXT 2021"]
[Source "ChessBase"]
[SourceDate "2020.10.23"]
[SourceVersion "1"]
[SourceVersionDate "2020.10.23"]
[SourceQuality "1"]
[WhiteTeam "Wales Deheubarth"]
[BlackTeam "Eppingen"]
[WhiteTeamCountry "WLS"]
[BlackTeamCountry "GER"]

1. Nf3 d6 2. d4 Bg4 3. c4 Bxf3 4. exf3 c6 5. f4 g6 6. Nc3 Bg7 7. Be3 Nh6 8. g4 f5 9. g5 Nf7 10. d5 c5 11. h4 Na6 12. h5 Qa5 13. Qa4+ Qxa4 14. Nxa4 0-0 15. 0-0-0 Nc7 16. Bg2 b6 17. Nc3 a6 18. hxg6 hxg6 19. Kc2 Rab8 20. a4 b5 21. axb5 axb5 22. cxb5 Nxb5 23. Nxb5 Rxb5 24. b3 Ra8 25. Rb1 Ra2+ 26. Kd3 Nd8 27. Rhc1 Ra3 28. Kc2 Nb7 29. Bf1 Ra2+ 30. Kd1 Rb4 31. Rc2 Ra3 32. Bc4 Na5 33. Bd2 Rb8 34. Bxa5 Rxa5 35. Ke2 Kf7 36. Rh1 Rba8 37. Kf3 Ra2 38. Rhc1 Bb2 39. Rd1 Bd4 40. Rdd2 R2a3 41. Rd1 Rh8 42. Kg3 Bg7 43. Re1 Ra7 44. Rce2 Rb8 45. Rd1 Rba8 46. Rde1 Rb7 47. Rd1 Rb4 48. Rde1 Ra7 49. Kf3 Rbb7 50. Kg3 Bc3 51. Rc1 Bd4 52. Rce1 Ra1 53. Rxa1 Bxa1 54. Ra2 Bd4 55. Ra8 1/2-1/2

[Event "GER CupT Baden Seniors final"]
[Site "Baden"]
[Date "2017.06.24"]
[Round "3.4"]
[White "Fugmann, Bernd"]
[Black "Gass, Ulrich"]
[Result "0-1"]
[WhiteElo "1971"]
[BlackElo "2094"]
[PlyCount "86"]
[EventDate "2017.06.24"]
[EventType "team-tourn"]
[EventRounds "2"]
[EventCountry "GER"]
[SourceTitle "EXT 2022"]
[Source "ChessBase"]
[SourceDate "2021.10.06"]
[SourceVersion "1"]
[SourceVersionDate "2021.10.06"]
[SourceQuality "1"]
[WhiteTeam "Villingen/Schwenningen"]
[BlackTeam "Eppingen"]
[WhiteTeamCountry "GER"]
[BlackTeamCountry "GER"]

1. e4 d6 2. d4 Nf6 3. Nc3 g6 4. f4 Bg7 5. Nf3 c5 6. Be2 cxd4 7. Nxd4 0-0 8. Be3 a6 9. Qd2 b5 10. a3 Bb7 11. Bf3 e5 12. Nde2 Qe7 13. Ng3 d5 14. fxe5 Nxe4 15. Ngxe4 dxe4 16. Be2 Bxe5 17. 0-0-0 Nc6 18. Qd7 Bxc3 19. Qxe7 Nxe7 20. bxc3 Nd5 21. Bh6 Rfc8 22. Kb2 Nxc3 23. Rd2 Nxe2 24. Rxe2 Rd8 25. h4 f6 26. Rf1 Rd6 27. Bf4 Re6 28. Be3 Rd6 29. Bc5 Re6 30. Bd4 Rd8 31. c3 a5 32. g4 b4 33. axb4 axb4 34. Bxf6 Rf8 35. g5 Ba6 36. Rfe1 Bxe2 37. Rxe2 bxc3+ 38. Kxc3 Rfe8 39. Kd4 Rd6+ 40. Kc5 Rd1 41. Kc6 Rc1+ 42. Kb7 Rc4 43. Rb2 Kf7 0-1

[Event "Zuerich Chess Challenge op 6th"]
[Site "Zuerich"]
[Date "2017.04.13"]
[Round "1"]
[White "Pavlovic, Milos"]
[Black "Gass, Ulrich"]
[Result "1-0"]
[WhiteElo "2495"]
[BlackElo "2080"]
[PlyCount "49"]
[EventDate "2017.04.13"]
[EventType "swiss"]
[EventRounds "9"]
[EventCountry "SUI"]
[SourceTitle "CBM 177 Extra"]
[Source "ChessBase"]
[SourceDate "2017.04.27"]
[SourceVersion "1"]
[SourceVersionDate "2017.04.27"]
[SourceQuality "1"]

1. d4 Nf6 2. Nf3 c5 3. d5 b5 4. Bg5 Ne4 5. Bh4 Qa5+ 6. c3 g6 7. Nbd2 Nxd2 8. Nxd2 Bg7 9. e4 Ba6 10. Be2 b4 11. 0-0 d6 12. Bxa6 Nxa6 13. Nc4 Qb5 14. Qe2 Nc7 15. cxb4 Qxb4 16. e5 dxe5 17. a3 Qa4 18. Bxe7 Nxd5 19. Bxc5 0-0-0 20. Nd6+ Kb8 21. Rfd1 Qc6 22. Rxd5 Qxd5 23. Qb5+ Ka8 24. Qa4 Qxc5 25. Qe4+ 1-0

[Event "WchT Seniors 65"]
[Site "Radebeul"]
[Date "2016.06.30"]
[Round "5.3"]
[White "Scovitin, Albert"]
[Black "Gass, Ulrich"]
[Result "1/2-1/2"]
[WhiteElo "2209"]
[BlackElo "2081"]
[PlyCount "119"]
[EventDate "2016.06.26"]
[EventType "team-swiss"]
[EventRounds "9"]
[EventCountry "GER"]
[SourceTitle "CBM 173 Extra"]
[Source "ChessBase"]
[SourceDate "2016.08.29"]
[SourceVersion "1"]
[SourceVersionDate "2016.08.29"]
[SourceQuality "1"]
[WhiteTeam "Moldova"]
[BlackTeam "Eck Gunners"]
[WhiteTeamCountry "MDA"]
[BlackTeamCountry "GER"]

1. c4 e5 2. Nc3 Nf6 3. e4 Bc5 4. g3 d6 5. h3 0-0 6. Bg2 Nc6 7. d3 a6 8. Nge2 h6 9. 0-0 b5 10. Kh2 b4 11. Nd5 Nxd5 12. cxd5 Nd4 13. Be3 c6 14. dxc6 Qb6 15. Nxd4 Bxd4 16. Bxd4 Qxd4 17. Qd2 Ra7 18. Rac1 Rc7 19. Rc4 Qa7 20. Qxb4 Rd8 21. b3 a5 22. Qd2 Be6 23. Rc2 Qb6 24. Rfc1 Rdc8 25. f4 f6 26. fxe5 fxe5 27. Rc3 Kh7 28. R1c2 a4 29. bxa4 Qb4 30. Qc1 Qxa4 31. h4 Qd4 32. Bh3 Bxh3 33. Kxh3 d5 34. Qf1 dxe4 35. Qf5+ Kg8 36. Qxe4 Qxe4 37. dxe4 Kf7 38. Kg4 g6 39. Rc5 Ke6 40. a4 Rb8 41. R2c4 Rb3 42. Rb5 Ra3 43. Rb7 h5+ 44. Kg5 Rxg3+ 45. Kh6 Kd6 46. Rxc7 Kxc7 47. a5 g5 48. a6 gxh4 49. Kxh5 h3 50. Rc1 h2 51. Rh1 Rg8 52. Kh4 Kxc6 53. Kh3 Kb6 54. Rb1+ Kxa6 55. Kxh2 Rg4 56. Rb8 Ka7 57. Re8 Rxe4 58. Kg3 Kb6 59. Kf3 Re1 60. Kf2 1/2-1/2

[Event "Basel op"]
[Site "Basel"]
[Date "2016.01.04"]
[Round "6"]
[White "Berset, Philippe"]
[Black "Gass, Ulrich"]
[Result "1-0"]
[WhiteElo "2104"]
[BlackElo "2072"]
[PlyCount "73"]
[EventDate "2016.01.01"]
[EventType "swiss"]
[EventRounds "7"]
[EventCountry "SUI"]
[SourceTitle "CBM 170 Extra"]
[Source "ChessBase"]
[SourceDate "2016.02.25"]
[SourceVersion "1"]
[SourceVersionDate "2016.02.25"]
[SourceQuality "1"]

1. e4 d6 2. d4 Nf6 3. Nc3 g6 4. Be3 a6 5. Qd2 b5 6. Bd3 Ng4 7. Bg5 h6 8. Bh4 Bg7 9. h3 Nf6 10. Nf3 c5 11. e5 cxd4 12. exf6 dxc3 13. Qe2 cxb2 14. Rb1 Bf8 15. fxe7 Bxe7 16. Bf6 Rg8 17. 0-0 Kf8 18. Bxb2 Bf6 19. Be4 d5 20. Bxf6 Qxf6 21. Bxd5 Ra7 22. Qe3 Rc7 23. Qxh6+ Qg7 24. Qf4 f6 25. Qd6+ Qe7 26. Qxe7+ Rxe7 27. Bxg8 Kxg8 28. Rfe1 Rc7 29. a4 Rxc2 30. axb5 axb5 31. Rxb5 Nd7 32. Rbb1 Kf7 33. Rbc1 Rxc1 34. Rxc1 Ba6 35. Ra1 Nc5 36. Nd4 g5 37. Ra5 1-0

[Event "Basel op"]
[Site "Basel"]
[Date "2016.01.04"]
[Round "5"]
[White "Gass, Ulrich"]
[Black "Furman, Boris"]
[Result "0-1"]
[WhiteElo "2072"]
[BlackElo "2227"]
[PlyCount "82"]
[EventDate "2016.01.01"]
[EventType "swiss"]
[EventRounds "7"]
[EventCountry "SUI"]
[SourceTitle "CBM 170 Extra"]
[Source "ChessBase"]
[SourceDate "2016.02.25"]
[SourceVersion "1"]
[SourceVersionDate "2016.02.25"]
[SourceQuality "1"]

1. e4 c5 2. Nf3 Nc6 3. Bb5 g6 4. Bxc6 bxc6 5. 0-0 Bg7 6. Re1 Nh6 7. Nc3 0-0 8. d3 f6 9. Be3 d6 10. h3 e5 11. Nh2 f5 12. f3 f4 13. Bf2 Bf6 14. Re2 Bh4 15. Qe1 Bxf2+ 16. Qxf2 Nf7 17. Nd1 Ng5 18. Kh1 Ne6 19. c3 a5 20. Rd2 h5 21. Rb1 Rb8 22. c4 Rb7 23. Nc3 g5 24. Kg1 Ng7 25. b3 Ne8 26. Rdb2 Nf6 27. Kf1 g4 28. fxg4 hxg4 29. Nxg4 Bxg4 30. hxg4 Nxg4 31. Qg1 Rg7 32. Nd1 Qf6 33. Ke2 f3+ 34. gxf3 Qxf3+ 35. Kd2 d5 36. cxd5 cxd5 37. Qxc5 d4 38. Kc1 Qxd1+ 39. Kxd1 Ne3+ 40. Ke1 Rf1+ 41. Ke2 Rg2# 0-1

[Event "EU-chT Seniors"]
[Site "Vienna"]
[Date "2015.07.13"]
[Round "2.8"]
[White "Gass, Ulrich"]
[Black "Prochaska, Juergen"]
[Result "1-0"]
[WhiteElo "2031"]
[BlackElo "1973"]
[PlyCount "57"]
[EventDate "2015.07.12"]
[EventType "team-swiss"]
[EventRounds "9"]
[EventCountry "AUT"]
[SourceTitle "EXT 2018"]
[Source "ChessBase"]
[SourceDate "2017.10.13"]
[SourceVersion "1"]
[SourceVersionDate "2017.10.13"]
[SourceQuality "1"]
[WhiteTeam "Eppingen"]
[BlackTeam "Austria II"]
[WhiteTeamCountry "GER"]
[BlackTeamCountry "AUT"]

1. e4 c5 2. Nf3 d6 3. d4 cxd4 4. Qxd4 a6 5. Bg5 Nc6 6. Qd2 Nf6 7. Bxf6 gxf6 8. Nc3 h5 9. Bc4 Bh6 10. Qe2 Bg4 11. h3 Nd4 12. Bxf7+ Kf8 13. Nxd4 Bxe2 14. Ne6+ Kxf7 15. Nxd8+ Raxd8 16. Kxe2 Rc8 17. g3 Rc4 18. Rhd1 Rhc8 19. Rd5 Rb4 20. Rxh5 Rxb2 21. Kd3 Kg6 22. Ra5 e6 23. Ra3 Rb4 24. Ne2 f5 25. exf5+ exf5 26. Rb3 Rbc4 27. c3 b5 28. a4 R8c5 29. axb5 1-0

[Event "Verbandsliga Nordbaden 1415"]
[Site "Baden"]
[Date "2014.11.02"]
[Round "2.5"]
[White "Nonnenmacher, Eberhard"]
[Black "Gass, Ulrich"]
[Result "1/2-1/2"]
[WhiteElo "2285"]
[BlackElo "2065"]
[PlyCount "52"]
[EventDate "2014.10.12"]
[EventType "team-tourn"]
[EventRounds "9"]
[EventCountry "GER"]
[SourceTitle "EXT 2022"]
[Source "ChessBase"]
[SourceDate "2021.10.06"]
[SourceVersion "1"]
[SourceVersionDate "2021.10.06"]
[SourceQuality "1"]
[WhiteTeam "Heidelberg"]
[BlackTeam "Eppingen III"]
[WhiteTeamCountry "GER"]
[BlackTeamCountry "GER"]

1. e4 d6 2. d4 Nf6 3. Nc3 g6 4. Be3 c6 5. Qd2 b5 6. f3 Nbd7 7. g4 Nb6 8. b3 a6 9. Nge2 Qc7 10. a4 b4 11. Nd1 a5 12. Ng3 e5 13. Nb2 Be6 14. Bd3 Bg7 15. dxe5 dxe5 16. 0-0-0 Nfd7 17. h4 h6 18. Qe2 Bf8 19. h5 g5 20. Nc4 Bc5 21. Bd2 Bd4 22. Nxb6 Nxb6 23. Nf5 0-0-0 24. Ne3 Kb8 25. Nc4 Nd7 26. Nb2 Nb6 1/2-1/2

[Event "GER-chA Seniors 26th"]
[Site "Bad Neuenahr"]
[Date "2014.08.13"]
[Round "9"]
[White "Krause, Peter"]
[Black "Gass, Ulrich"]
[Result "1-0"]
[WhiteElo "1879"]
[BlackElo "2057"]
[PlyCount "131"]
[EventDate "2014.08.05"]
[EventType "swiss"]
[EventRounds "9"]
[EventCountry "GER"]
[SourceTitle "EXT 2018"]
[Source "ChessBase"]
[SourceDate "2017.10.13"]
[SourceVersion "1"]
[SourceVersionDate "2017.10.13"]
[SourceQuality "1"]

1. g3 e5 2. Bg2 Bc5 3. d3 d6 4. Nf3 Nc6 5. a3 a5 6. b3 Bg4 7. h3 Be6 8. Ng5 Bd7 9. Bd5 Nh6 10. Ne4 Ba7 11. Bxh6 gxh6 12. e3 0-0 13. Qh5 Kg7 14. Bxc6 Bxc6 15. g4 Bxe4 16. dxe4 Qg5 17. Qxg5+ hxg5 18. Nd2 h5 19. Ke2 hxg4 20. hxg4 Rh8 21. Nc4 Bc5 22. a4 Bb4 23. Rad1 Rhd8 24. Rb1 c6 25. Rhd1 Kf6 26. Rh1 Rh8 27. Rbd1 Rxh1 28. Rxh1 b5 29. axb5 cxb5 30. Nb6 Ra6 31. Nd5+ Kg7 32. Nxb4 axb4 33. Rh5 f6 34. Rh1 Ra2 35. Kd3 Kf7 36. Rh7+ Ke8 37. Rb7 Ra5 38. c4 bxc4+ 39. Kxc4 Ra2 40. Kd5 Rxf2 41. Kxd6 Rf3 42. Rxb4 Kf7 43. Rc4 Rxe3 44. b4 Rd3+ 45. Kc6 Rd4 46. Kc5 Rd8 47. b5 Ke7 48. Ra4 Rc8+ 49. Kb4 Kd8 50. Ra6 Rc1 51. Rc6 Rb1+ 52. Kc5 Rc1+ 53. Kd5 Rb1 54. b6 Kd7 55. Rxf6 Rb5+ 56. Kc4 Rb1 57. Kc5 Rc1+ 58. Kd5 Rg1 59. Rf7+ Kc8 60. Kc6 Rc1+ 61. Kd6 Rg1 62. Rg7 Rb1 63. b7+ Kb8 64. Kxe5 Rb5+ 65. Kf6 Ka7 66. e5 1-0

[Event "GER-chA Seniors 26th"]
[Site "Bad Neuenahr"]
[Date "2014.08.11"]
[Round "7"]
[White "Hagen, Peter"]
[Black "Gass, Ulrich"]
[Result "1/2-1/2"]
[WhiteElo "2202"]
[BlackElo "2057"]
[PlyCount "53"]
[EventDate "2014.08.05"]
[EventType "swiss"]
[EventRounds "9"]
[EventCountry "GER"]
[SourceTitle "EXT 2018"]
[Source "ChessBase"]
[SourceDate "2017.10.13"]
[SourceVersion "1"]
[SourceVersionDate "2017.10.13"]
[SourceQuality "1"]

1. e4 d6 2. d4 Nf6 3. Nc3 g6 4. f4 Bg7 5. Nf3 c5 6. Bb5+ Bd7 7. e5 Ng4 8. Bxd7+ Qxd7 9. d5 dxe5 10. h3 e4 11. hxg4 Bxc3+ 12. bxc3 Qxg4 13. Ne5 Qxg2 14. Rf1 Qg3+ 15. Kd2 Na6 16. Qe2 0-0-0 17. c4 e6 18. Nxf7 exd5 19. Nxd8 Rxd8 20. Qe3 Qh2+ 21. Rf2 Qh4 22. Ke2 Qh5+ 23. Ke1 Qh1+ 24. Rf1 Qh4+ 25. Rf2 Qh1+ 26. Rf1 Qh4+ 27. Rf2 1/2-1/2

[Event "EU-Cup 29th"]
[Site "Rhodes"]
[Date "2013.10.26"]
[Round "7.6"]
[White "Mihajlov, Sebastian"]
[Black "Gass, Ulrich"]
[Result "1-0"]
[WhiteElo "2194"]
[BlackElo "2116"]
[PlyCount "97"]
[EventDate "2013.10.20"]
[EventType "team-swiss"]
[EventRounds "7"]
[EventCountry "GRE"]
[SourceTitle "CBM 157"]
[Source "ChessBase"]
[SourceDate "2013.11.12"]
[SourceVersion "1"]
[SourceVersionDate "2013.11.12"]
[SourceQuality "1"]
[WhiteTeam "Oslo"]
[BlackTeam "Eppingen"]
[WhiteTeamCountry "NOR"]
[BlackTeamCountry "GER"]

1. d4 Nf6 2. c4 g6 3. Nc3 Bg7 4. e4 d6 5. Nf3 0-0 6. h3 c5 7. d5 b5 8. cxb5 a6 9. Bd2 e6 10. Be2 exd5 11. exd5 axb5 12. Bxb5 Qe7+ 13. Qe2 Qxe2+ 14. Kxe2 Bb7 15. Bc4 Nbd7 16. Nb5 Ne4 17. Bc3 Rae8 18. Bxg7 Kxg7 19. Rhe1 Nb6 20. b3 Bxd5 21. Bxd5 Nxd5 22. Kf1 Nf4 23. Rad1 d5 24. Nc7 Rd8 25. h4 Nc3 26. Rd2 Rc8 27. Re7 Kf6 28. Rd7 Rfd8 29. Rxd8 Rxd8 30. Na6 Ne4 31. Rc2 Ne6 32. b4 d4 33. Nxc5 N6xc5 34. bxc5 d3 35. Rc1 Ra8 36. Rc4 d2 37. Ke2 Nxf2 38. Nxd2 Rxa2 39. Rf4+ Ke6 40. Rxf2 f5 41. Rf4 Kd5 42. Rc4 Kc6 43. Kd3 Ra3+ 44. Rc3 Ra1 45. Nf3 Ra2 46. g3 Rg2 47. Kc4 Rf2 48. Nd4+ Kc7 49. Kd5 1-0

[Event "EU-Cup 29th"]
[Site "Rhodes"]
[Date "2013.10.25"]
[Round "6.6"]
[White "Gass, Ulrich"]
[Black "Bjerre, Jonas Buhl"]
[Result "1-0"]
[WhiteElo "2116"]
[BlackElo "1792"]
[PlyCount "57"]
[EventDate "2013.10.20"]
[EventType "team-swiss"]
[EventRounds "7"]
[EventCountry "GRE"]
[SourceTitle "CBM 157"]
[Source "ChessBase"]
[SourceDate "2013.11.12"]
[SourceVersion "1"]
[SourceVersionDate "2013.11.12"]
[SourceQuality "1"]
[WhiteTeam "Eppingen"]
[BlackTeam "Skanderborg Nordea"]
[WhiteTeamCountry "GER"]
[BlackTeamCountry "DEN"]

1. e4 c5 2. Nf3 e6 3. c3 Nf6 4. e5 Nd5 5. d4 cxd4 6. cxd4 b6 7. Bc4 Bb7 8. Bxd5 Bxd5 9. Nc3 Bb7 10. 0-0 Be7 11. d5 exd5 12. Nxd5 0-0 13. Nxe7+ Qxe7 14. Bg5 Qe6 15. Re1 Na6 16. Re3 h6 17. Bh4 Rac8 18. Nd4 Qd5 19. Qg4 Rc4 20. Bf6 g6 21. Rh3 Rfc8 22. Rf1 Rc1 23. Rxh6 Rxf1+ 24. Kxf1 Rc1+ 25. Ke2 Qc4+ 26. Kd2 Rd1+ 27. Kxd1 Qf1+ 28. Kd2 Qxf2+ 29. Ne2 1-0

[Event "Basel Hilton op 14th"]
[Site "Basel"]
[Date "2012.01.04"]
[Round "5"]
[White "Gass, Ulrich"]
[Black "Soulas, Gilles"]
[Result "0-1"]
[WhiteElo "2101"]
[BlackElo "2211"]
[PlyCount "52"]
[EventDate "2012.01.01"]
[EventType "swiss"]
[EventRounds "7"]
[EventCountry "SUI"]
[SourceTitle "CBM 146 Extra"]
[Source "ChessBase"]
[SourceDate "2012.02.29"]
[SourceVersion "1"]
[SourceVersionDate "2012.02.29"]
[SourceQuality "1"]

1. e4 e5 2. f4 Bc5 3. Nf3 d6 4. c3 Bb6 5. Bc4 Nf6 6. fxe5 dxe5 7. Nxe5 0-0 8. d4 c5 9. 0-0 cxd4 10. Qb3 Nc6 11. Nxc6 bxc6 12. Bg5 dxc3+ 13. Kh1 cxb2 14. Qxb2 Bd4 15. Nc3 Qa5 16. Bxf6 Bxf6 17. Rxf6 gxf6 18. Nd5 cxd5 19. Bxd5 Be6 20. Bxa8 Rxa8 21. Qxf6 Qd2 22. h4 Rc8 23. Kh2 Rc2 24. Qf3 Qd4 25. Rd1 Qe5+ 26. Kh1 Rxa2 0-1